|
|
|
|
| LEADER |
00000nam a2200000 4500 |
| 001 |
vtls012267964 |
| 003 |
SK-MaSNL |
| 005 |
20260301232056.0 |
| 008 |
241205s2024 xr 000 0 cze |
| 020 |
|
|
|a 9788011045296
|q (brožované)
|
| 040 |
|
|
|a SNK
|b slo
|c SNK
|e rda
|
| 041 |
0 |
|
|a cze
|
| 044 |
|
|
|a xr
|c CZ
|
| 072 |
|
7 |
|2 konspekt
|
| 080 |
|
|
|2 2011
|
| 100 |
1 |
|
|a Eggerová, Šárka
|4 aut
|9 625163
|
| 245 |
1 |
0 |
|a Dlouhověkost? Žádný problém!
|b soubor poznatků z praxe alternativní a celostní medicíny
|c Šárka Eggerová
|
| 250 |
|
|
|a První vydání
|
| 264 |
|
1 |
|a Brno
|b Šárka Eggerová
|c 2024
|
| 300 |
|
|
|a 239 strán
|
| 336 |
|
|
|a text
|b txt
|2 rdacontent
|
| 337 |
|
|
|a bez média
|b n
|2 rdamedia
|
| 338 |
|
|
|a zväzok
|b nc
|2 rdacarrier
|
| 852 |
|
|
|a Slovenská národná knižnica
|
| 919 |
|
|
|a 978-80-11-04529-6
|
| 999 |
|
|
|c 960339
|d 962269
|
| 952 |
|
|
|a SNK
|b SNK
|y NEVYP
|7 1
|o snk
|i snk
|8 4
|g 17.33
|0 0
|1 0
|4 0
|d 2024-12-05
|l 0
|r 2026-02-24 10:17:03
|w 2026-02-24
|